| 000 | 00544nam a22001937a 4500 | ||
|---|---|---|---|
| 003 | DO-CoUTE | ||
| 005 | 20260520144359.0 | ||
| 008 | 260520b dr ||||| |||| 00| 0 spa d | ||
| 040 |
_aDO-CoUTE _bspa _cDO-CoUTE |
||
| 082 | _aRD920.7293T266b | ||
| 100 | 1 |
_aTejeda, julio _eAutor |
|
| 245 | 1 | 0 |
_aBancotui y yo / _cJulio Tejeda |
| 260 |
_aSanto Domingo ; _c2021 |
||
| 300 |
_a115 Paginas : _c23cm, |
||
| 504 | _aIncluye referencia bibliográfica e índice. | ||
| 650 | 4 | _aReseña | |
| 700 | 1 |
_aJulio Tejeda _eAutor |
|
| 942 |
_2ddc _cBK |
||
| 999 |
_c24210 _d24210 |
||